El Puente sobre el Besós: obra cumbre de nuestra ingeniería / obra cumbre de nuestra ingeniería /
Descripción Física:
Il·lustracions
Colección:
San Jorge,
; núm. 12 (octubre 1953), pàg 114-121
Idioma:
Español
MARC
| LEADER | 00000naa a2200000 a 4500 | ||
|---|---|---|---|
| 003 | Arxiu | ||
| 005 | 20260324181039.0 | ||
| 008 | 160829s1953 spcaxx s spa c | ||
| 040 | |a agdb | ||
| 100 | |a Peñaranda, Santiago |9 31065 | ||
| 245 | 1 | 3 | |a El Puente sobre el Besós: |b obra cumbre de nuestra ingeniería / |c por Santiago Peñaranda |
| 300 | |b Il·lustracions | ||
| 490 | |a San Jorge, |v núm. 12 (octubre 1953), pàg 114-121 | ||
| 590 | |a Conté deu fotografies | ||
| 650 | 0 | |a Ponts |9 40460 |z Besòs (Catalunya : Curs d'aigua) | |
| 650 | 0 | |a Ponts |x Disseny i construcció |9 38864 | |
| 773 | |g Núm. 12 (octubre 1953), pàg 114-121 |t San Jorge | ||
| 901 | |a Arxiu | ||
| 942 | |n 1 |2 udc |c ART | ||
| 952 | |0 0 |1 0 |2 udc |4 0 |6 REV508 |7 1 |9 64499 |a Arxiu |b Arxiu |d 2022-11-30 |o Rev-508 |r 2022-11-30 00:00:00 |w 2022-11-30 |y ARXIU |z També disponible a Rev-522 | ||
| 999 | |c 48804 |d 48804 | ||